Normal view
MARC view
- Microwave circuits.
Entry Topical Term
001 - CONTROL NUMBER
- control field: 15110
003 - CONTROL NUMBER IDENTIFIER
- control field: NUST
005 - DATE AND TIME OF LATEST TRANSACTION
- control field: 20190619151707.0
008 - FIXED-LENGTH DATA ELEMENTS
- fixed length control field: 190619|| aca||aabn | a|a d
040 ## - CATALOGING SOURCE
- Original cataloging agency: NUST
- Transcribing agency: NUST
150 ## - HEADING--TOPICAL TERM
- Topical term or geographic name entry element: Microwave circuits.
670 ## - SOURCE DATA FOUND
- Source citation: Work cat.: (NUST)0: Maas, Stephen A. 15109, Nonlinear microwave and RF circuits /, c2003.
